[Event "Mestre Cipressina op-B 5th"]
[Site "Mestre"]
[Date "2016.11.27"]
[Round "5"]
[White "Bordin, Silvia"]
[Black "Santo Fernando, Manuel"]
[Result "1/2-1/2"]
[WhiteElo "1380"]
[BlackElo "1400"]
[PlyCount "124"]
[EventDate "2016.11.25"]
[EventType "swiss"]
[EventRounds "5"]
[EventCountry "ITA"]
[SourceTitle "EXT 2022"]
[Source "ChessBase"]
[SourceDate "2021.10.06"]
[SourceVersion "1"]
[SourceVersionDate "2021.10.06"]
[SourceQuality "1"]

1. e4 c5 2. Nf3 Nc6 3. d4 cxd4 4. Nxd4 e5 5. Nb3 Nf6 6. Nc3 Bb4 7. Bc4 0-0 8. Bd3 d5 9. exd5 Qxd5 10. 0-0 Bxc3 11. bxc3 e4 12. Be2 Qe5 13. Bb2 Rd8 14. Nd4 Bf5 15. h3 Bg6 16. Rb1 a6 17. Re1 Na5 18. c4 Qc5 19. Qd2 Nc6 20. Nb3 Rxd2 21. Nxc5 Rxc2 22. Kf1 b6 23. Bxf6 gxf6 24. Rxb6 Nd4 25. Nxa6 Nxe2 26. Rxe2 Rxc4 27. Rb8+ Rxb8 28. Nxb8 Rc1+ 29. Re1 Rxe1+ 30. Kxe1 Kf8 31. Ke2 Ke8 32. Ke3 Kd8 33. Na6 Kd7 34. Nc5+ Kc6 35. Nxe4 f5 36. Ng3 Kb5 37. Kf4 Ka4 38. Nxf5 Ka3 39. Kg5 Kxa2 40. h4 Kb3 41. h5 f6+ 42. Kxf6 Bxh5 43. Kg5 Bg6 44. f4 Kc4 45. g4 Kd3 46. Ne7 Bf7 47. f5 Ke4 48. Kf6 h5 49. gxh5 Bxh5 50. Kg7 Bd1 51. f6 Bb3 52. Nc6 Ke3 53. Kf8 Kf4 54. Ke7 Kg5 55. Nd4 Bg8 56. Nf3+ Kg6 57. Ne5+ Kh7 58. Nf7 Kg6 59. Ne5+ Kh7 60. Kf8 Kh8 61. Nf7+ Kh7 62. Ng5+ Kh8 1/2-1/2